| 000 -LEADER |
| fixed length control field |
00968nam a22001457a 4500 |
| 008 - FIXED-LENGTH DATA ELEMENTS--GENERAL INFORMATION |
| fixed length control field |
210816b ||||| |||| 00| 0 eng d |
| 100 ## - MAIN ENTRY--PERSONAL NAME |
| Personal name |
Halu, Anikumar B. |
| 245 ## - TITLE STATEMENT |
| Title |
Japan-India relations |
| 260 ## - PUBLICATION, DISTRIBUTION, ETC. (IMPRINT) |
| Place of publication, distribution, etc |
35(410), Apr, 2021: p.22-24 |
| 300 ## - PHYSICAL DESCRIPTION |
| Extent |
Third Concept |
| 520 ## - SUMMARY, ETC. |
| Summary, etc |
The merging strategic relationship between India and Japan is significant for the future security and stability of the Indo-Asia pacific region. It is also a critical emergent relationship for US security objections across the Asia-pacific region. Therefore, India is the most latent economic and military potential of any state in the winder Asia pacific region. Therefore, India is the state with the greatest potential outside of the United States itself to contribute to the objectives of the “Rebalance to the pacific” announced by Washington in 2011. – Reproduced |
| 773 ## - HOST ITEM ENTRY |
| Main entry heading |
Third Concept |
| 906 ## - LOCAL DATA ELEMENT F, LDF (RLIN) |
| Subject DIP |
INDIA - INTERNATIONAL RELATIONS - JAPAN |
| 942 ## - ADDED ENTRY ELEMENTS (KOHA) |
| Item type |
Articles |